=LDR 00000nam 2200000 4500 =001 INLIS000000000042000 =005 20130612151512 =008 ***********************************ind** =035 ##$$0010-061300000042000 =041 ##$$a ind =082 ##$$a 612.7 =090 ##$$a 612.7, Sya f =100 ##$$a Syaifuddin =245 ##$$a Fidiologi tubuh manusia untuk mahasiswa keperawatan, H. syaifuddin =260 ##$$a 2009 $b Jakarta =300 ##$$a Xx,412 hlm, Ilus, 26 cm =650 ##$$a FISIOLOGI MANUSIA =850 ##$$a NBPNMAT